Ultraviolet bright-star spectrophotometric catalogue (Record no. 8044)
[ view plain ]
| 000 -LEADER | |
|---|---|
| fixed length control field | 00817nam a2200253Ia 4500 |
| 003 - CONTROL NUMBER IDENTIFIER | |
| control field | IN-BaIIA |
| 008 - FIXED-LENGTH DATA ELEMENTS--GENERAL INFORMATION | |
| fixed length control field | 211028s9999 xx 000 0 eng d |
| 040 ## - CATALOGING SOURCE | |
| Transcribing agency | IIA Library |
| 080 ## - UNIVERSAL DECIMAL CLASSIFICATION NUMBER | |
| Universal Decimal Classification number | 083.8:52 |
| Item number | JAM |
| 100 ## - MAIN ENTRY--PERSONAL NAME | |
| Personal name | Jamar, C. |
| 9 (RLIN) | 11243 |
| 245 #0 - TITLE STATEMENT | |
| Title | Ultraviolet bright-star spectrophotometric catalogue |
| Statement of responsibility, etc. | C. Jamar…[et al.] |
| 260 ## - PUBLICATION, DISTRIBUTION, ETC. | |
| Place of publication, distribution, etc. | France |
| Name of publisher, distributor, etc. | European Space Agency |
| Date of publication, distribution, etc. | 1976 |
| 300 ## - PHYSICAL DESCRIPTION | |
| Extent | xxi, 489p. |
| 650 ## - SUBJECT ADDED ENTRY--TOPICAL TERM | |
| Topical term or geographic name entry element | Astronomy and Astrophysics Thesaurus |
| 650 ## - SUBJECT ADDED ENTRY--TOPICAL TERM | |
| Topical term or geographic name entry element | Catalogue-Bright stars |
| 9 (RLIN) | 4473 |
| 650 ## - SUBJECT ADDED ENTRY--TOPICAL TERM | |
| Topical term or geographic name entry element | Spectrophotometry |
| 650 ## - SUBJECT ADDED ENTRY--TOPICAL TERM | |
| Topical term or geographic name entry element | Ultraviolet bright stars |
| 9 (RLIN) | 13570 |
| 700 ## - ADDED ENTRY--PERSONAL NAME | |
| Personal name | Houziaux, L. |
| 9 (RLIN) | 12750 |
| 700 ## - ADDED ENTRY--PERSONAL NAME | |
| Personal name | Macau-Hercot, D. |
| 9 (RLIN) | 11669 |
| 700 ## - ADDED ENTRY--PERSONAL NAME | |
| Personal name | Monfils, A. |
| 9 (RLIN) | 11670 |
| 700 ## - ADDED ENTRY--PERSONAL NAME | |
| Personal name | Thompson, G I |
| 9 (RLIN) | 11240 |
| 700 ## - ADDED ENTRY--PERSONAL NAME | |
| Personal name | Wilson, R. |
| 9 (RLIN) | 13571 |
| 942 ## - ADDED ENTRY ELEMENTS (KOHA) | |
| Koha item type | Books |
| Withdrawn status | Lost status | Damaged status | Not for loan | Home library | Current library | Shelving location | Date acquired | Total Checkouts | Full call number | Barcode | Date last seen | Price effective from | Koha item type |
|---|---|---|---|---|---|---|---|---|---|---|---|---|---|
| IIA Library-Bangalore | IIA Library-Bangalore | General Stacks | 16/01/1985 | 083.8:52/ JAM | 8873 | 05/11/2021 | 16/01/1985 | Books |